- Sexo (Psicología)
Entry Materia
001 - NÚMERO DE CONTROL DEL REGISTRO
- campo de control: 7377
003 - IDENTIFICADOR DE NUMERO DE CONTROL
- campo de control: UPN
005 - FECHA Y HORA DE LA ÚLTIMA TRANSACCIÓN
- campo de control: 20230308135424.0
008 - DATOS DE LONGITUD FIJA
- campo de control de longitud fija: 220811n||acnnnbabn | ana |d
035 ## - NÚMERO DE CONTROL DEL SISTEMA
- Número de control del sistema: UPN10000007381
040 ## - FUENTE DE LA CATALOGACIÓN
- Centro catalogador de origen: UPN
- Lengua de catalogación: spa
- Agencia de transcripción: UPN
046 ## - FECHAS CON CODIFICACIÓN ESPECIAL
- Fecha final para contenidos agregados: 2022
053 #4 - NÚMERO CLASIFICADOR - BIBLIOTECA DEL CONGRESO (LC)
- Elemento numérico de la clasificación - Número único o no. inicial del rango: BF175.5 S4.8
053 #4 - NÚMERO CLASIFICADOR - BIBLIOTECA DEL CONGRESO (LC)
- Elemento numérico de la clasificación - Número único o no. inicial del rango: BF692
150 ## - ENCABEZAMIENTO - TEMÁTICO
- Término de materia o nombre geográfico como elemento inicial: Sexo (Psicología)
450 ## - VÉASE - MATERIA
- Encabezamiento temático: Psicología sexual
450 ## - VÉASE - MATERIA
- Encabezamiento temático: Sexo
- Subdivisión temática general: Aspectos psicológicos
450 ## - VÉASE - MATERIA
- Encabezamiento temático: Psicología de la conducta sexual
450 ## - VÉASE - MATERIA
- Encabezamiento temático: Psicología del sexo
670 ## - FUENTE EN LA QUE SE LOCALIZARON DATOS
- Cita de la fuente: E
902 ## - CATALOGADOR
- Catalogador: CAA/260896
